00964nam a2200217 a 450000100100000000500170001000800410002702000150006804000250008308200160010810000370012424502290016126000860039030000210047670000380049770000320053570000380056704900090060595201150061499900170072900002111020200930011234.0100831s2006 es 001 0 spa d a848479072X aDO-SdBNPbspacBNPHU axxxxbV124J1 aVadillo, José Manuel de94413910aJosé Manuel de Vadillo y la independencia de América /cJosé Manuel Vadillo ;coordinació Luis Miguel García Mora; introduccíon, transcrisión y notas Alberto Gil Novales ; traducción Miguel Ferreitas de Costa. aMadrid :bFudación MAPFREbSecretaría de Cooperación Iberoamericana,c2006. a676 p. ;c21 cm.1 aGarcía Mora, Luis Miguel9441401 aGil Novales, Alberto9441411 aFerreitas de Costa, Miguel944142 aBNPD 0010507-18MOaGRbGRcOId2010-08-31iLF1l0oxxxx V124Jp21110-10r2020-06-25w2020-06-25y1ZNo se presta c20612d20612